[Event "Titled Tue 17th Jun Early"]
[Site "chess.com INT"]
[Date "2025.06.17"]
[Round "1"]
[White "Marynychenko, Yehor"]
[Black "Filev, Georgi"]
[Result "0-1"]
[WhiteTitle "CM"]
[BlackTitle "FM"]
[WhiteElo "2183"]
[BlackElo "2189"]
[WhiteFideId "34160558"]
[BlackFideId "2907500"]
[EventDate "2025.06.17"]

1. e4 c5 2. c3 d5 3. exd5 Nf6 4. d4 Nxd5 5. Nf3 e6 6. Bb5+ Bd7 7. Bxd7+ Qxd7 8.
Ne5 Qc7 9. O-O Bd6 10. c4 Nf6 11. Nf3 cxd4 12. Qxd4 Nc6 13. Qh4 O-O-O 14. Nc3 a6
15. Be3 h6 16. Nb5 axb5 17. cxb5 g5 18. Qc4 Ne5 19. Nxe5 Bxe5 20. Qa4 Bxh2+ 21.
Kh1 Qe5 22. Rac1+ Kd7 23. b6+ Ke7 24. Bc5+ Rd6 25. Bxd6+ Qxd6 26. Rfd1 Nd5 27.
g3 Bxg3 28. fxg3 Qxg3 29. Qa3+ Qxa3 30. bxa3 Ra8 31. Rd3 Ra6 32. Rb3 Kd6 33.
Rcb1 f5 34. Kg2 f4 35. Kf3 h5 36. Ke4 Ra4+ 37. Kf3 g4+ 38. Kf2 f3 39. Rh1 Rd4
40. Rxh5 Rd2+ 41. Kg3 Rg2+ 42. Kh4 f2 43. Rb1 Rg1 0-1

[Event "Titled Tue 17th Jun Early"]
[Site "chess.com INT"]
[Date "2025.06.17"]
[Round "1"]
[White "Lewicki, Miroslaw"]
[Black "Myagmarsuren, Evsuld"]
[Result "0-1"]
[WhiteTitle "IM"]
[BlackTitle "FM"]
[WhiteElo "2317"]
[BlackElo "2292"]
[WhiteFideId "1113380"]
[BlackFideId "1551639"]
[EventDate "2025.06.17"]

1. g3 d5 2. Bg2 g6 3. Nf3 Bg7 4. O-O e5 5. d3 Ne7 6. c4 c6 7. cxd5 cxd5 8. Nc3
O-O 9. Bd2 Nbc6 10. Rc1 h6 11. a3 Be6 12. b4 a6 13. Na4 b6 14. Be3 Rb8 15. d4 e4
16. Ne5 Nxe5 17. dxe5 Kh7 18. Bd4 Nf5 19. e3 Nxd4 20. exd4 Qd7 21. f3 exf3 22.
Bxf3 f6 23. exf6 Bxf6 24. Nc3 Rbc8 25. Re1 Bg5 26. Rc2 Bf5 27. Ree2 Bxc2 28.
Rxc2 Qf5 29. Kg2 h5 30. h3 Rf7 31. g4 Qf4 32. gxh5 Rfc7 33. Qd3 Qf5 34. hxg6+
Qxg6 35. Qxg6+ Kxg6 36. Re2 Rxc3 37. Re6+ Kg7 38. Rxb6 Bh4 39. Bxd5 Rg3+ 40. Kf1
Rc1+ 41. Ke2 Rc2+ 42. Kd1 Rf2 43. Rb7+ Kh6 0-1

[Event "Titled Tue 17th Jun Early"]
[Site "chess.com INT"]
[Date "2025.06.17"]
[Round "1"]
[White "Skliarov, Viktor"]
[Black "Lazaro Azcutia, Miguel"]
[Result "1-0"]
[WhiteTitle "IM"]
[BlackTitle "CM"]
[WhiteElo "2334"]
[BlackElo "2275"]
[WhiteFideId "14106736"]
[BlackFideId "54538254"]
[EventDate "2025.06.17"]

1. e4 e5 2. Nc3 Nf6 3. Bc4 Nxe4 4. Qh5 Nd6 5. Bb3 Be7 6. Qxe5 O-O 7. d4 Ne8 8.
Nf3 c6 9. d5 d6 10. Qf4 Na6 11. Be3 Bf6 12. O-O Bxc3 13. bxc3 Nc5 14. dxc6 bxc6
15. Rad1 Nxb3 16. cxb3 Qc7 17. Rfe1 c5 18. Ng5 Bb7 19. Qh4 h6 20. Nh3 d5 21. Nf4
Rd8 22. Nh5 Qc6 23. Qxd8 d4 24. f3 dxe3 25. Rxe3 Qg6 26. Rxe8 1-0

[Event "Titled Tue 17th Jun Early"]
[Site "chess.com INT"]
[Date "2025.06.17"]
[Round "1"]
[White "Molina Sumoza, Jesus Alberto"]
[Black "Aarit Kapil"]
[Result "1-0"]
[WhiteTitle "CM"]
[BlackTitle "CM"]
[WhiteElo "2025"]
[BlackElo "2078"]
[WhiteFideId "3901874"]
[BlackFideId "33408947"]
[EventDate "2025.06.17"]

1. e4 c5 2. Nf3 d6 3. d4 cxd4 4. Nxd4 Nf6 5. Nc3 g6 6. Be3 Bg7 7. f3 O-O 8. Qd2
Nc6 9. O-O-O d5 10. Qe1 e5 11. Nxc6 bxc6 12. exd5 cxd5 13. Bc4 d4 14. Bg5 Qc7
15. Bxf6 dxc3 16. Bxg7 cxb2+ 17. Kb1 Kxg7 18. Bb3 a5 19. a4 Rb8 20. Rd5 Bf5 21.
Qxe5+ Qxe5 22. Rxe5 Rxb3 23. Rxf5 Ra3 24. Kxb2 Rxa4 25. Rb5 Rc8 26. Rd1 Rac4 27.
Rd2 a4 28. Ra5 Rb8+ 29. Kc1 h5 30. Ra7 Kg8 31. Rdd7 Rbc8 32. Rxf7 Rxc2+ 33. Kd1
Rc1+ 34. Kd2 R8c2+ 35. Ke3 Rc3+ 36. Kf4 Rc4+ 37. Kg5 R1c2 38. Kh6 g5 39. Rg7+
Kf8 40. Kh7 Rc8 41. Rg8# 1-0

[Event "Titled Tue 17th Jun Early"]
[Site "chess.com INT"]
[Date "2025.06.17"]
[Round "1"]
[White "Jammalamadaka, Vihaan"]
[Black "Frempong-Smart Daniel"]
[Result "1-0"]
[WhiteTitle "CM"]
[BlackTitle "CM"]
[WhiteElo "2018"]
[BlackElo "1841"]
[WhiteFideId "30977134"]
[BlackFideId "12601659"]
[EventDate "2025.06.17"]

1. b3 g6 2. Bb2 Nf6 3. e4 Bg7 4. e5 Ng8 5. Nf3 d5 6. d4 Bg4 7. Nbd2 e6 8. h3
Bxf3 9. Nxf3 Ne7 10. Bd3 Nd7 11. O-O c5 12. c4 O-O 13. cxd5 Nxd5 14. Be4 cxd4
15. Bxd5 exd5 16. Bxd4 Re8 17. Re1 Nf8 18. Rc1 Ne6 19. Bb2 Rc8 20. Qd2 Qd7 21.
b4 h5 22. Rcd1 Red8 23. Nd4 Qa4 24. Nxe6 fxe6 25. Bd4 b6 26. Qg5 Kh7 27. Rd3
Qxb4 28. Red1 Bh6 29. Qf6 Re8 30. Rg3 g5 31. Qf7+ Kh8 32. Qxh5 Kg7 33. Rf3 Rf8
34. Rf6 Rxf6 35. exf6+ Kh7 36. Qf7+ Kh8 37. Qg6 Qf8 38. f7+ Bg7 39. Qh6# 1-0

[Event "Titled Tue 17th Jun Early"]
[Site "chess.com INT"]
[Date "2025.06.17"]
[Round "1"]
[White "Panda, Sambit"]
[Black "Rathbone-Jones, Ifan"]
[Result "1-0"]
[WhiteTitle "IM"]
[BlackTitle "CM"]
[WhiteElo "2379"]
[BlackElo "2208"]
[WhiteFideId "25091794"]
[BlackFideId "1803859"]
[EventDate "2025.06.17"]

1. d4 e6 2. Nf3 d5 3. e3 Nf6 4. Bd3 Bd6 5. O-O O-O 6. b3 b6 7. Bb2 Bb7 8. Nbd2
Nbd7 9. Ne5 c5 10. f4 Ne4 11. Nxe4 dxe4 12. Bc4 Bxe5 13. dxe5 a6 14. a4 Qe7 15.
f5 exf5 16. Rxf5 b5 17. axb5 axb5 18. Rxa8 Bxa8 19. Bxb5 g6 20. Bxd7 Rd8 21.
Rxf7 Qxf7 22. e6 Qe7 23. Qd2 h5 24. Qc3 Kh7 25. Qf6 Rxd7 26. exd7 1-0

[Event "Titled Tue 17th Jun Early"]
[Site "chess.com INT"]
[Date "2025.06.17"]
[Round "1"]
[White "Jovic, Stanoje"]
[Black "Malek, Jan"]
[Result "0-1"]
[WhiteTitle "FM"]
[BlackTitle "GM"]
[WhiteElo "2096"]
[BlackElo "2505"]
[WhiteFideId "905020"]
[BlackFideId "21864080"]
[EventDate "2025.06.17"]

1. c4 Nf6 2. g3 g6 3. Bg2 Bg7 4. Nc3 O-O 5. Nf3 d6 6. O-O c6 7. d3 a5 8. Rb1 Na6
9. a3 e5 10. b4 axb4 11. axb4 Qe7 12. e4 Bg4 13. h3 Bd7 14. Be3 b5 15. cxb5 cxb5
16. d4 Rfc8 17. Qd2 Rc4 18. Rfc1 Rac8 19. dxe5 dxe5 20. Bg5 Nxb4 21. Rxb4 Qxb4
22. Bxf6 Bxf6 23. Qxd7 Rxc3 24. Rxc3 Rxc3 25. Nxe5 Bxe5 26. Qe8+ Qf8 27. Qxe5 b4
28. Qf6 Rc1+ 29. Kh2 b3 30. Qb2 Rc2 31. Qxb3 Rxf2 32. Qd5 Qb8 33. h4 Qb2 34. e5
Kg7 35. Kh3 h5 36. e6 Rxg2 37. Qxg2 Qxg2+ 38. Kxg2 fxe6 39. Kf3 Kf6 40. Ke4 e5 0-1

[Event "Titled Tue 17th Jun Early"]
[Site "chess.com INT"]
[Date "2025.06.17"]
[Round "1"]
[White "Voicu, Teodor-Mihnea"]
[Black "Csonka, Balazs"]
[Result "0-1"]
[WhiteTitle "CM"]
[BlackTitle "IM"]
[WhiteElo "2178"]
[BlackElo "2467"]
[WhiteFideId "1248650"]
[BlackFideId "742910"]
[EventDate "2025.06.17"]

1. d4 Nf6 2. c4 e6 3. Nc3 Bb4 4. e3 O-O 5. Bd3 d5 6. cxd5 exd5 7. Ne2 Re8 8. O-O
b6 9. a3 Bd6 10. f3 c5 11. Bd2 Ba6 12. Bxa6 Nxa6 13. Rc1 Nc7 14. Qe1 Ne6 15. Qh4
Rc8 16. Rcd1 a6 17. Kh1 b5 18. dxc5 Bxc5 19. e4 d4 20. Bc1 Nd7 21. Qxd8 Rexd8
22. Nd5 Ne5 23. b3 Nc7 24. Nxc7 Rxc7 25. Bf4 f6 26. b4 Bb6 27. Nc1 Rc3 28. Bxe5
fxe5 29. Nd3 Rxa3 30. Nxe5 d3 31. Rd2 Be3 32. Rb2 d2 33. Rd1 Ra1 0-1

[Event "Titled Tue 17th Jun Early"]
[Site "chess.com INT"]
[Date "2025.06.17"]
[Round "1"]
[White "Shuvalov, Evgenij"]
[Black "Mrudul, Dehankar"]
[Result "1-0"]
[BlackTitle "WIM"]
[WhiteElo "1986"]
[BlackElo "2078"]
[WhiteFideId "4187237"]
[BlackFideId "25096990"]
[EventDate "2025.06.17"]

1. d4 Nf6 2. c4 e6 3. Nf3 Bb4+ 4. Nbd2 c5 5. a3 Bxd2+ 6. Qxd2 b6 7. b4 Bb7 8.
dxc5 bxc5 9. b5 O-O 10. e3 d5 11. Bd3 Nbd7 12. O-O e5 13. Be2 d4 14. exd4 cxd4
15. a4 d3 16. Bd1 e4 17. Nd4 Ne5 18. Qc3 Re8 19. Nf5 Rc8 20. c5 Bd5 21. Bg5 h6
22. Bh4 Qd7 23. Ne3 Nfg4 24. Qd4 Nxe3 25. fxe3 Qe6 26. h3 f6 27. Bg3 Nf7 28. Bg4 1-0

[Event "Titled Tue 17th Jun Early"]
[Site "chess.com INT"]
[Date "2025.06.17"]
[Round "1"]
[White "Andreev, Konstantin"]
[Black "Nikulina, Alena"]
[Result "1-0"]
[WhiteTitle "FM"]
[BlackTitle "WFM"]
[WhiteElo "2208"]
[BlackElo "1875"]
[WhiteFideId "24239305"]
[BlackFideId "4172051"]
[EventDate "2025.06.17"]

1. e4 c5 2. Nf3 e6 3. d4 cxd4 4. Nxd4 Nf6 5. Nc3 Nc6 6. Ndb5 Bb4 7. a3 Bxc3+ 8.
Nxc3 d5 9. Bd3 dxe4 10. Nxe4 Nxe4 11. Bxe4 Qxd1+ 12. Kxd1 Bd7 13. Be3 O-O-O 14.
Kc1 b6 15. a4 f5 16. Bf3 e5 17. Ra3 e4 18. Be2 Kb7 19. Rd1 Be6 20. Rc3 Rxd1+ 21.
Bxd1 h6 22. h4 g6 23. Be2 Nb4 24. Bc4 Nd5 25. Rb3 Nxe3 26. Bxe6 Nxg2 27. h5 Nf4
28. Bf7 gxh5 29. f3 Rf8 30. Bc4 Rc8 31. Bf1 Nd5 32. Kd1 e3 33. c4 Ne7 34. Rxe3
Nc6 35. Re6 Rd8+ 36. Ke1 Nd4 37. Rxh6 Nxf3+ 38. Kf2 Ne5 39. Rxh5 Ng4+ 40. Kf3
Rd1 41. Bg2 Rd2 42. b4 Rd3+ 43. Ke2+ Kc7 44. Kxd3 1-0

[Event "Titled Tue 17th Jun Early"]
[Site "chess.com INT"]
[Date "2025.06.17"]
[Round "1"]
[White "Vaganian, Rafael A"]
[Black "Maranhao, Jose Renato Ruiz"]
[Result "0-1"]
[WhiteTitle "GM"]
[WhiteElo "2449"]
[BlackElo "1954"]
[WhiteFideId "13300016"]
[BlackFideId "2135175"]
[EventDate "2025.06.17"]

1. d4 Nf6 2. c4 e6 3. Nf3 Bb4+ 4. Bd2 Bxd2+ 5. Qxd2 b6 6. Nc3 Bb7 7. d5 O-O 8.
e4 d6 9. Bd3 Nbd7 10. O-O a5 11. b3 Qe7 12. Rfe1 h6 13. a3 e5 14. b4 Rfc8 15.
Nh4 Qf8 16. Nf5 axb4 17. axb4 Rxa1 18. Rxa1 Ra8 19. Re1 Qd8 20. h3 Ra7 21. Re3
Qa8 22. Rg3 Ra1+ 23. Kh2 Nh5 24. Rf3 Ndf6 25. Bb1 Qa3 26. Nb5 Qa4 27. Nxc7 Rxb1
28. Nxd6 Qa1 29. g4 Rh1+ 30. Kg2 Qg1# 0-1

[Event "Titled Tue 17th Jun Early"]
[Site "chess.com INT"]
[Date "2025.06.17"]
[Round "1"]
[White "Grover, Sahaj"]
[Black "Sutormin, Danila"]
[Result "0-1"]
[WhiteTitle "GM"]
[BlackTitle "FM"]
[WhiteElo "2465"]
[BlackElo "2381"]
[WhiteFideId "5021103"]
[BlackFideId "24108669"]
[EventDate "2025.06.17"]

1. e4 c5 2. Nf3 d6 3. d4 cxd4 4. Nxd4 Nf6 5. Nc3 a6 6. Bc4 e6 7. Bb3 Nbd7 8. Be3
Nc5 9. f3 Nxb3 10. axb3 Be7 11. g4 Nd7 12. Qd2 Qc7 13. h4 Rb8 14. O-O-O b5 15.
h5 Bb7 16. Bg5 b4 17. Na4 Nc5 18. Bxe7 Qxe7 19. h6 g6 20. Ne2 Bc6 21. Qxd6 Qxd6
22. Rxd6 Bxa4 23. bxa4 Ke7 24. Rhd1 Rhc8 25. Kb1 Nxa4 26. Rxa6 b3 27. c3 Nc5 28.
Ra7+ Kf8 29. Rd6 Rd8 30. e5 Nd3 31. f4 g5 32. f5 Nxe5 33. Rxd8+ Rxd8 34. Nd4
exf5 35. gxf5 g4 36. Kc1 g3 37. Ne2 g2 38. f6 Nd3+ 39. Kb1 Nf4 0-1

[Event "Titled Tue 17th Jun Early"]
[Site "chess.com INT"]
[Date "2025.06.17"]
[Round "1"]
[White "Dudin, Gleb"]
[Black "Bacus, Dharim"]
[Result "1/2-1/2"]
[WhiteTitle "GM"]
[BlackTitle "FM"]
[WhiteElo "2574"]
[BlackElo "2131"]
[WhiteFideId "34184934"]
[BlackFideId "5201527"]
[EventDate "2025.06.17"]

1. Nf3 Nf6 2. b3 g6 3. Bb2 Bg7 4. g3 O-O 5. Bg2 d6 6. O-O e5 7. c4 Nc6 8. d4
exd4 9. Nxd4 Nxd4 10. Qxd4 Re8 11. Qd2 a5 12. Nc3 Qe7 13. Rfe1 h5 14. h3 Kh7 15.
e4 Be6 16. f4 Qd7 17. Kh2 a4 18. Nxa4 Bxc4 19. Rad1 Bb5 20. e5 dxe5 21. Qb4 Bxa4
22. Rxd7 Bxd7 23. fxe5 Ng8 24. a4 Bc8 25. Qc4 Re7 26. Ba3 Be6 27. Qb4 Ree8 28.
Qxb7 Rab8 29. Qxc7 Rxb3 30. a5 Rxa3 31. Bb7 Re7 32. Qb6 Rb3 33. Qxb3 Bxb3 34. a6
Bd5 35. Bxd5 Ra7 36. Bb7 Ne7 37. g4 hxg4 38. hxg4 Kh6 39. Kg3 Kg5 40. Kf3 Nc6
41. Bxc6 Rxa6 42. Bd5 Ra3+ 43. Kg2 Ra7 44. Re4 Re7 45. Kf3 Bxe5 46. Rc4 f6 47.
Be4 Rc7 48. Rxc7 Bxc7 49. Bd3 f5 50. gxf5 gxf5 51. Bxf5 1/2-1/2

[Event "Titled Tue 17th Jun Early"]
[Site "chess.com INT"]
[Date "2025.06.17"]
[Round "1"]
[White "Leiva, Gianmarco"]
[Black "Herpai, Jozsef Matyas"]
[Result "1-0"]
[WhiteTitle "IM"]
[BlackTitle "CM"]
[WhiteElo "2387"]
[BlackElo "2056"]
[WhiteFideId "3804399"]
[BlackFideId "786179"]
[EventDate "2025.06.17"]

1. e4 c5 2. Nf3 e6 3. g3 Nc6 4. Bg2 d5 5. exd5 exd5 6. O-O Nf6 7. d4 Bg4 8. Re1+
Be7 9. dxc5 O-O 10. Nc3 d4 11. Na4 Qa5 12. c3 dxc3 13. bxc3 Rfd8 14. Qb3 Be6 15.
Rxe6 fxe6 16. Ng5 Rf8 17. Nxe6 Kh8 18. Bf4 Nh5 19. Bd6 Bxd6 20. cxd6 Rf6 21.
Nac5 Qb6 22. Rb1 Re8 23. d7 Rexe6 24. Qxb6 axb6 25. Nxe6 Rxe6 26. Bxc6 Rd6 27.
Re1 bxc6 28. Re8# 1-0

[Event "Titled Tue 17th Jun Early"]
[Site "chess.com INT"]
[Date "2025.06.17"]
[Round "1"]
[White "Oro, Faustino"]
[Black "Jval Saurin Patel"]
[Result "1-0"]
[WhiteTitle "IM"]
[BlackTitle "FM"]
[WhiteElo "2465"]
[BlackElo "2331"]
[WhiteFideId "20000197"]
[BlackFideId "25968343"]
[EventDate "2025.06.17"]

1. e4 e6 2. d4 d5 3. Nd2 Be7 4. Bd3 c5 5. dxc5 Bxc5 6. Qe2 Nf6 7. Ngf3 O-O 8.
O-O Nc6 9. e5 Nd7 10. Nb3 Be7 11. c3 Qc7 12. Re1 a6 13. Nbd4 Nc5 14. Bc2 Bd7 15.
Bg5 Qd8 16. Qe3 Rc8 17. Ne2 Na5 18. Qf4 f6 19. exf6 Bxf6 20. Qh4 Ne4 21. Bxf6
Nxf6 22. Ned4 Rc4 23. Bd3 Rc7 24. Ng5 Ne4 25. Qxh7# 1-0

[Event "Titled Tue 17th Jun Early"]
[Site "chess.com INT"]
[Date "2025.06.17"]
[Round "1"]
[White "Emujin Enkh-Amgalan"]
[Black "Rogov, Matfey"]
[Result "1-0"]
[WhiteTitle "WCM"]
[BlackTitle "FM"]
[WhiteElo "2022"]
[BlackElo "2348"]
[WhiteFideId "4908023"]
[BlackFideId "44191308"]
[EventDate "2025.06.17"]

1. d4 d5 2. c4 Nc6 3. Nf3 Bg4 4. Nc3 e6 5. e3 Bb4 6. Bd3 Nf6 7. O-O O-O 8. h3
Bh5 9. a3 Bxc3 10. bxc3 e5 11. cxd5 Qxd5 12. Be2 Rad8 13. c4 Qd6 14. d5 Ne7 15.
a4 c5 16. a5 Bxf3 17. Bxf3 e4 18. Be2 Ng6 19. Rb1 Rd7 20. Ba3 Rc8 21. Rb5 Rdc7
22. Bg4 Nxg4 23. Qxg4 Re8 24. Rfb1 h5 25. Qxh5 Re5 26. Qg4 Qe7 27. Bb2 Rg5 28.
d6 Rxg4 29. dxe7 Nxe7 30. hxg4 f5 31. Be5 Rd7 32. gxf5 Nxf5 33. Rxb7 Rd2 34.
Rxa7 Kh7 35. Rf7 Nh4 36. Rxg7+ Kh6 37. Rb6+ Kh5 38. g4# 1-0

[Event "Titled Tue 17th Jun Early"]
[Site "chess.com INT"]
[Date "2025.06.17"]
[Round "1"]
[White "Nurgaliyev, Sauat"]
[Black "Cherepov, Alexej"]
[Result "0-1"]
[WhiteTitle "IM"]
[BlackTitle "CM"]
[WhiteElo "2404"]
[BlackElo "2083"]
[WhiteFideId "13726285"]
[BlackFideId "13503650"]
[EventDate "2025.06.17"]

1. e4 Nf6 2. e5 Nd5 3. c4 Nb6 4. d4 d6 5. f4 dxe5 6. fxe5 Nc6 7. Be3 Bf5 8. Nc3
e6 9. Nf3 Bg4 10. Qd2 Qd7 11. Be2 O-O-O 12. Rd1 f6 13. exf6 gxf6 14. O-O Rg8 15.
d5 Bxf3 16. Rxf3 Ne5 17. Rxf6 Nbxc4 18. Bxc4 Nxc4 19. Qe2 Nxe3 20. Qxe3 Rxg2+
21. Kxg2 Qg7+ 22. Qg3 Qxf6 23. Rf1 Qd4 24. dxe6 Bc5 25. Qh3 Rg8+ 26. Kf3 Qd3+
27. Kf4 Rf8+ 28. Kg4 Qg6+ 29. Kh4 Be7+ 30. Rf6 Bxf6# 0-1

[Event "Titled Tue 17th Jun Early"]
[Site "chess.com INT"]
[Date "2025.06.17"]
[Round "1"]
[White "Sturt, Raven"]
[Black "Brancaleoni, Maurizio"]
[Result "1-0"]
[WhiteTitle "GM"]
[BlackTitle "FM"]
[WhiteElo "2459"]
[BlackElo "2185"]
[WhiteFideId "2007304"]
[BlackFideId "803022"]
[EventDate "2025.06.17"]

1. f4 Nf6 2. Nf3 c5 3. b3 g6 4. Bb2 Bg7 5. e3 O-O 6. Be2 Nc6 7. O-O d6 8. Bb5
Bd7 9. Bxc6 Bxc6 10. d3 b5 11. a4 bxa4 12. bxa4 Qb6 13. Qc1 Rab8 14. Bc3 Nd5 15.
Bxg7 Kxg7 16. Na3 Qb2 17. Nc4 Qxc1 18. Rfxc1 Nb6 19. Ncd2 Nxa4 20. Ra3 Rb7 21.
Rca1 Nb6 22. Rxa7 Rfb8 23. e4 f6 24. R7a6 Kf7 25. c4 Ke8 26. Kf2 Kd7 27. Nf1 Kc7
28. Ne3 Nd7 29. Ra7 Rxa7 30. Rxa7+ Rb7 31. Ra2 Nf8 32. f5 Nd7 33. g4 g5 34. Ke2
Rb1 35. Nd2 Rh1 36. Ndf1 Ne5 37. Ra7+ Bb7 38. Ra3 Bc6 39. Kf2 h5 40. Kg2 Rxf1
41. Kxf1 hxg4 42. Kf2 1-0

[Event "Titled Tue 17th Jun Early"]
[Site "chess.com INT"]
[Date "2025.06.17"]
[Round "1"]
[White "Stanojevic, Ilija"]
[Black "Ivashentseva, Dominika"]
[Result "1-0"]
[WhiteTitle "FM"]
[BlackTitle "WCM"]
[WhiteElo "2189"]
[BlackElo "1969"]
[WhiteFideId "959995"]
[BlackFideId "34331050"]
[EventDate "2025.06.17"]

1. e4 c5 2. Nf3 Nc6 3. Bb5 g6 4. O-O Bg7 5. d3 Nh6 6. Nc3 O-O 7. Re1 f5 8. Bxc6
bxc6 9. e5 Nf7 10. Bf4 e6 11. Qd2 Re8 12. Na4 d6 13. Rad1 Rb8 14. b3 Rb4 15. c4
a5 16. exd6 e5 17. Be3 e4 18. dxe4 fxe4 19. d7 Bxd7 20. Qxd7 Qxd7 21. Rxd7 exf3
22. Nxc5 fxg2 23. Kxg2 Ne5 24. Rxg7+ Kxg7 25. Bd4 Kf6 26. Bxe5+ Kf5 27. Bc3 Rbb8
28. Bxa5 Rxe1 29. Bxe1 Re8 30. Bc3 Re2 31. a4 Rc2 32. Bd4 Rd2 33. Be3 Rb2 34. a5
g5 35. a6 Ra2 36. Na4 Ra1 37. a7 h5 38. a8=Q Kg4 39. Qc8+ Kh4 40. Qh3# 1-0

[Event "Titled Tue 17th Jun Early"]
[Site "chess.com INT"]
[Date "2025.06.17"]
[Round "1"]
[White "Maghsoodloo, Parham"]
[Black "Smirnov, Alexandr A."]
[Result "1-0"]
[WhiteTitle "GM"]
[BlackTitle "FM"]
[WhiteElo "2691"]
[BlackElo "2136"]
[WhiteFideId "12539929"]
[BlackFideId "24104396"]
[EventDate "2025.06.17"]

1. d4 Nf6 2. c4 g6 3. Nf3 Bg7 4. g3 O-O 5. Bg2 d6 6. O-O c5 7. Nc3 Nc6 8. d5 Na5
9. Nd2 a6 10. a4 e6 11. Qc2 exd5 12. cxd5 Rb8 13. b3 Re8 14. Bb2 b5 15. axb5
axb5 16. e4 Nd7 17. h3 c4 18. b4 Nb3 19. Nxb3 cxb3 20. Qxb3 Ne5 21. Nd1 Nc4 22.
Bxg7 Kxg7 23. Ne3 Qb6 24. Rfe1 f6 25. Nxc4 bxc4 26. Qxc4 Qxb4 27. Qc7+ Kg8 28.
Reb1 Qxb1+ 29. Rxb1 Rxb1+ 30. Kh2 Rb2 31. f3 f5 32. g4 fxe4 33. fxe4 Rf8 34. Kg3
Rb3+ 35. Kh4 Ba6 36. Kg5 Bf1 37. Kh6 Rf7 38. Qc8+ Rf8 39. Qe6+ Kh8 40. Qe7 1-0

[Event "Titled Tue 17th Jun Early"]
[Site "chess.com INT"]
[Date "2025.06.17"]
[Round "1"]
[White "Yanev, Tihomir"]
[Black "Ilinca, Felix-Antonio"]
[Result "0-1"]
[WhiteTitle "IM"]
[BlackTitle "IM"]
[WhiteElo "2354"]
[BlackElo "2431"]
[WhiteFideId "2910110"]
[BlackFideId "54764998"]
[EventDate "2025.06.17"]

1. e4 c6 2. d4 d5 3. e5 Bf5 4. Nf3 e6 5. Be2 Ne7 6. O-O Bg6 7. c4 dxc4 8. Bxc4
Nf5 9. Nc3 Bh5 10. Be3 Bxf3 11. Qxf3 Nxd4 12. Qg4 Nf5 13. Bf4 Nd7 14. Rad1 Qh4
15. Qf3 Nxe5 16. Bxe5 Qxc4 17. g4 Ne7 18. Rd4 Qc5 19. Ne4 Qxe5 20. Nd6+ Kd7 21.
Nxf7+ Qxd4 22. Rd1 Qxd1+ 23. Qxd1+ Nd5 24. Nxh8 Bd6 25. Nf7 Bf4 26. Qb3 Rf8 27.
Qxb7+ Nc7 28. Qxa7 Rxf7 29. a4 Bd6 30. a5 Rf4 31. h3 Ra4 32. Kg2 g5 33. b3 Rb4
34. Qe3 Nd5 35. Qxg5 Nf4+ 36. Kf1 Rxb3 37. Qg7+ Kc8 38. Ke1 Rb2 39. Qh8+ Kb7 40.
Qxh7+ Ka6 41. Qd7 Bb4+ 42. Kd1 Rd2+ 43. Qxd2 Bxd2 44. Kxd2 Nxh3 45. Ke3 e5 46.
Ke4 Nxf2+ 47. Kf5 Nxg4 48. Kxg4 Kxa5 49. Kf5 Kb4 50. Kxe5 c5 0-1

[Event "Titled Tue 17th Jun Early"]
[Site "chess.com INT"]
[Date "2025.06.17"]
[Round "1"]
[White "Durarbayli, Vasif"]
[Black "Purtseladze, Maka"]
[Result "1-0"]
[WhiteTitle "GM"]
[BlackTitle "IM"]
[WhiteElo "2612"]
[BlackElo "2261"]
[WhiteFideId "13402935"]
[BlackFideId "13602659"]
[EventDate "2025.06.17"]

1. e4 c6 2. d4 d5 3. exd5 cxd5 4. c4 Nf6 5. Nc3 Nc6 6. Nf3 Bg4 7. cxd5 Nxd5 8.
Qb3 Bxf3 9. gxf3 e6 10. Qxb7 Nxd4 11. Bb5+ Nxb5 12. Qc6+ Ke7 13. Qc5+ Qd6 14.
Nxd5+ exd5 15. Qxb5 Rb8 16. Qd3 Qe6+ 17. Be3 f6 18. O-O-O Rd8 19. Bxa7 Kf7 20.
Kb1 Bb4 21. Rc1 Rd7 22. Bd4 Qh3 23. Rhg1 Rb8 24. Rg3 Qh5 25. f4 Re7 26. a3 Bd6
27. Rcg1 g6 28. Rh3 Qf5 29. Rxh7+ Kf8 30. Qxf5 gxf5 31. Rh8+ Kf7 32. Rh7+ Kf8
33. Rh6 Kf7 34. Rxf6+ 1-0

[Event "Titled Tue 17th Jun Early"]
[Site "chess.com INT"]
[Date "2025.06.17"]
[Round "1"]
[White "Garcia Almaguer, Juan Manuel"]
[Black "Lagarde, Maxime"]
[Result "0-1"]
[WhiteTitle "CM"]
[BlackTitle "GM"]
[WhiteElo "2142"]
[BlackElo "2621"]
[WhiteFideId "5110491"]
[BlackFideId "662399"]
[EventDate "2025.06.17"]

1. e4 e5 2. Nf3 Nc6 3. Bc4 Nf6 4. Ng5 d5 5. exd5 Na5 6. Bb5+ Bd7 7. Bxd7+ Qxd7
8. d4 Qxd5 9. dxe5 Qxd1+ 10. Kxd1 Ng4 11. Ke2 Nxe5 12. f4 h6 13. fxe5 hxg5 14.
Bxg5 Nc4 15. Nc3 Nxe5 16. Bf4 O-O-O 17. Rad1 Re8 18. Kd2 Bd6 19. Bxe5 Bxe5 20.
g3 Rd8+ 21. Kc1 Bxc3 22. Rxd8+ Kxd8 23. bxc3 Rh3 24. Kd2 Kd7 25. Ke3 Kc6 26. Kf4
a5 27. Kg4 Rh6 28. h4 Rd6 29. Rf1 f6 30. Kf5 Rd2 31. Kg6 Rxc2 32. Rf3 Rxa2 33.
Kxg7 Rh2 34. Kg6 a4 35. Rxf6+ Kb5 36. Rf8 Kc4 37. Ra8 b5 38. h5 Kxc3 39. h6 Rg2
40. h7 Rxg3+ 41. Kf6 Rh3 42. h8=Q Rxh8 43. Rxh8 a3 44. Ke5 a2 45. Rh3+ Kb2 46.
Rh2+ Kb3 47. Rh3+ Ka4 48. Rh1 b4 49. Kd4 b3 0-1

[Event "Titled Tue 17th Jun Early"]
[Site "chess.com INT"]
[Date "2025.06.17"]
[Round "1"]
[White "Karpenko, Anton"]
[Black "Boramanikar, Tanisha S"]
[Result "1-0"]
[WhiteTitle "CM"]
[BlackTitle "WCM"]
[WhiteElo "2219"]
[BlackElo "1743"]
[WhiteFideId "34374353"]
[BlackFideId "35023454"]
[EventDate "2025.06.17"]

1. e4 c5 2. Nf3 Nc6 3. d4 cxd4 4. Nxd4 Nf6 5. Nc3 e5 6. Ndb5 d6 7. Nd5 Nxd5 8.
exd5 Nb8 9. a4 Be7 10. Be2 O-O 11. Bd2 Nd7 12. a5 f5 13. O-O a6 14. Na3 Bg5 15.
Bxg5 Qxg5 16. Nc4 Rf6 17. f4 exf4 18. Qd2 Rg6 19. Rf2 Nc5 20. Qxf4 Ne4 21. Qxg5
Rxg5 22. Rff1 Bd7 23. Nb6 Rd8 24. Bd3 Nc5 25. Rf3 g6 26. Re1 Re8 27. Rxe8+ Bxe8
28. Re3 Bf7 29. b4 Nxd3 30. Rxd3 Rg4 31. c4 Re4 32. c5 dxc5 33. bxc5 Kf8 34. Kf2
Re5 35. Nd7+ 1-0